00475cam a22001337a 4500008004000000082001300040100002000053245010200073260002400175300001000199650004400209650005700253650003100310180718b1929 xxu||||| |||| 00| 0 eng d aA99 D259 aDarwin, Charles aAutobiography of Charles Darwin: with two appendices by his son Francis Darwincby Charles Darwin aLondonbWattsc1929 a154p. aNaturalists --Great Britain --Biography aDarwin, Charles, 1809-1882. On the origin of species aDarwin, Charles, 1809-1882